000
00305nam a22001457a 4500
008
210521b ||||| |||| 00| 0 eng d
020
_a
01118002
041
_a
eng
080
_a
721.053
082
_a
721.053
100
_a
62
101
_a
AUD
245
_a
Auditing
_c
Robertson,J.C
942
_2
udc
_c
BK
999
_c
57601
_d
57601